| 000 | 00328nam a22001097a 4500 | ||
|---|---|---|---|
| 008 | 140120b xxu||||| |||| 00| 0 eng d | ||
| 020 |
_a00036133 _cAvailable |
||
| 082 |
_2Fifth Ed _a005.1PRE _b002588 |
||
| 100 | _gHB,860p | ||
| 245 |
_aSoftware Engineering : A Practitoners Approach _cPressman Roger S |
||
| 260 |
_aUSA _bMcGraw-Hill _c2001 |
||
| 999 |
_c23789 _d23789 |
||